[Event "EU-ch U12"]
[Site "Bratislava"]
[Date "2019.08.08"]
[Round "7"]
[White "Paseka, Matyas"]
[Black "Isaksson, Max"]
[Result "1/2-1/2"]
[WhiteElo "1898"]
[BlackElo "1701"]
[PlyCount "86"]
[EventDate "2019.08.02"]
[EventType "swiss"]
[EventRounds "9"]
[EventCountry "SVK"]
[SourceTitle "EXT 2020"]
[Source "ChessBase"]
[SourceDate "2019.10.17"]
[SourceVersion "1"]
[SourceVersionDate "2019.10.17"]
[SourceQuality "1"]

1. e4 e5 2. Nf3 Nc6 3. Bb5 a6 4. Ba4 Nf6 5. 0-0 Be7 6. Re1 b5 7. Bb3 d6 8. c3 0-0 9. h3 Na5 10. Bc2 c5 11. d4 Qc7 12. d5 Bd7 13. Nbd2 Rac8 14. Nf1 Nb7 15. Ng3 c4 16. Nh4 g6 17. Bh6 Rfe8 18. Qf3 Qd8 19. Ngf5 Bf8 20. Bxf8 Kxf8 21. Ne3 Nc5 22. g4 Nfxe4 23. Nxg6+ hxg6 24. Bxe4 Nxe4 25. Qxe4 Qh4 26. Qf3 Kg7 27. Ng2 Qg5 28. Qe3 Qxe3 29. Rxe3 Rc5 30. Rd1 Bc8 31. Re2 Rh8 32. Re3 Bb7 33. f4 Bxd5 34. fxe5 Bxg2 35. Kxg2 dxe5 36. Rd7 Re8 37. Rf3 Rf8 38. Kf2 Rc6 39. g5 Kg8 40. Re7 f6 41. h4 Rf7 42. Re8+ Rf8 43. Re7 Rf7 1/2-1/2

[Event "EU-ch U12"]
[Site "Bratislava"]
[Date "2019.08.06"]
[Round "5"]
[White "Madhavan, Sanjith1111"]
[Black "Isaksson, Max"]
[Result "1/2-1/2"]
[WhiteElo "1440"]
[BlackElo "1701"]
[PlyCount "103"]
[EventDate "2019.08.02"]
[EventType "swiss"]
[EventRounds "9"]
[EventCountry "SVK"]
[SourceTitle "EXT 2020"]
[Source "ChessBase"]
[SourceDate "2019.10.17"]
[SourceVersion "1"]
[SourceVersionDate "2019.10.17"]
[SourceQuality "1"]

1. e4 e5 2. Nf3 Nc6 3. Bc4 Bc5 4. 0-0 Nf6 5. d3 d6 6. Nbd2 Be6 7. a4 h6 8. c3 a5 9. Qb3 Qc8 10. Re1 0-0 11. Nf1 Bxc4 12. Qxc4 Qe6 13. Qxe6 fxe6 14. Be3 Ba7 15. Ng3 Rf7 16. Bxa7 Rxa7 17. d4 exd4 18. Nxd4 Nxd4 19. cxd4 Nd7 20. Re3 Ra6 21. Rc1 c6 22. Rcc3 Nb6 23. b3 Ra8 24. Kf1 Raf8 25. Rf3 Rxf3 26. Rxf3 Rxf3 27. gxf3 Kf7 28. Ke2 g6 29. Kd3 e5 30. dxe5 dxe5 31. h4 h5 32. Ne2 Nd7 33. Nc1 Ke6 34. Kc4 b6 35. Ne2 Nc5 36. Ng1 Kd6 37. Nh3 Ne6 38. Kc3 Kc5 39. f4 exf4 40. f3 Kd6 41. Kc4 Ke5 42. Kd3 Nd4 43. Nxf4 Nxf3 44. Nxg6+ Kf6 45. Nf4 Nxh4 46. Nxh5+ Ke5 47. Ng3 Ng6 48. Ne2 Nf8 49. Nd4 Kd6 50. Kc4 Nd7 51. Nf5+ Ke5 52. Ne7 1/2-1/2